Catálogo
 En Linea

La alfarería haitiana : (Registro nro. 30897)

Detalles MARC
000 -CABECERA
campo de control de longitud fija 01076nam a2200289 i 4500
001 - NÚMERO DE CONTROL
campo de control 000031405
003 - IDENTIFICADOR DEL NÚMERO DE CONTROL
campo de control DO-SdBNP
005 - FECHA Y HORA DE LA ÚLTIMA TRANSACCIÓN
campo de control 20250131140954.0
007 - CAMPO FIJO DE DESCRIPCIÓN FÍSICA--INFORMACIÓN GENERAL
campo de control de longitud fija ta
008 - DATOS DE LONGITUD FIJA--INFORMACIÓN GENERAL
campo de control de longitud fija 110620s1977 dr a 000 | spa d
040 ## - FUENTE DE LA CATALOGACIÓN
Centro catalogador/agencia de origen DO-SdBNP
Lengua de catalogación spa
Centro/agencia transcriptor BNPHU
Normas de descripción rda
049 ## - FONDOS LOCALES (OCLC)
Fondos de biblioteca BNPD
082 #4 - NÚMERO DE LA CLASIFICACIÓN DECIMAL DEWEY
Número de clasificación xxx
Número de documento/Ítem O69a
Número de edición 22
100 1# - ENTRADA PRINCIPAL--NOMBRE DE PERSONA
Nombre de persona Oriol, Jacques,
9 (RLIN) 57822
Término indicativo de función/relación autor
Código de función/relación aut.
240 13 - TÍTULO UNIFORME
Título uniforme La poterie haitienne generalities et particularities.
Lenguaje de la obra Español
245 13 - MENCIÓN DE TÍTULO
Título La alfarería haitiana :
Resto del título generalidades y particularidades /
Mención de responsabilidad, etc. Jacques Oriol ; edición, José León Checo ; traducción, France Claire Peynado de Taveras.
264 #1 - PRODUCCIÓN, PUBLICACIÓN, DISTRIBUCIÓN, FABRICACIÓN Y COPYRIGHT
Producción, publicación, distribución, fabricación y copyright Santo Domingo :
Nombre del de productor, editor, distribuidor, fabricante Fundación García Arévalo,
Fecha de producción, publicación, distribución, fabricación o copyright 1977.
300 ## - DESCRIPCIÓN FÍSICA
Extensión 78 páginas :
Otras características físicas ilustraciones ;
Dimensiones 21 cm.
336 ## - TIPO DE CONTENIDO
Término de tipo de contenido texto
Código de tipo de contenido txt
Fuente rdacontent
337 ## - TIPO DE MEDIO
Nombre/término del tipo de medio sin mediación
Código del tipo de medio nc
Fuente rdamedia
338 ## - TIPO DE SOPORTE
Nombre/término del tipo de soporte volumen
Código del tipo de soporte nc
Fuente rdacarrier
490 ## - MENCIÓN DE SERIE
Mención de serie Colección Monográfica
Designación de volumen o secuencia 5
590 ## - NOTA LOCAL (RLIN)
Nota local Inventariado, 2024/BT
700 1# - PUNTO DE ACCESO ADICIONAL--NOMBRE DE PERSONA
Nombre de persona Peynado Taveras, France Claire de,
Término indicativo de función/relación traductor
Código de función/relación tr.
9 (RLIN) 57823
700 1# - PUNTO DE ACCESO ADICIONAL--NOMBRE DE PERSONA
Nombre de persona Checo, José León,
Término indicativo de función/relación editor
Código de función/relación ed.
9 (RLIN) 57824
942 ## - ELEMENTOS DE PUNTO DE ACCESO ADICIONAL (KOHA)
Fuente del sistema de clasificación o colocación Dewey Decimal Classification
Tipo de ítem Koha Libro
Existencias
Estado de retiro Estado de pérdida Fuente del sistema de clasificación o colocación Restricciones de uso No para préstamo Código de colección Localización permanente Ubicación/localización actual Ubicación en estantería Fecha de adquisición Fuente de adquisición Total de préstamos Signatura topográfica completa Código de barras Fecha visto por última vez Precio válido a partir de Tipo de ítem Koha Nota pública Número de copia
    Dewey Decimal Classification Excluido de préstamo   Patrimonio Dominicano Biblioteca Nacional Pedro Henríquez Ureña Biblioteca Nacional Pedro Henríquez Ureña En catalogación 20.06.2011 Donación   BNPHU PD O69a 31405-10 25.06.2020 25.06.2020 Libro Perteneció a la biblioteca personal de Aída Cartagena Portalatín.  
    Dewey Decimal Classification Excluido de préstamo   Patrimonio Dominicano Biblioteca Nacional Pedro Henríquez Ureña Biblioteca Nacional Pedro Henríquez Ureña En catalogación 24.04.2024 Donado por la Presidencia de la República Dominicana 2023.   BNPHU PD O69a 2024-2451 24.04.2024 24.04.2024 Libro Perteneció a la biblioteca personal de Emilio Cordero Michel. e.2

Con tecnología Koha